000 00677nam a2200253Ia 4500
003 OSt
005 20220918170001.0
006 a|||||r|||| 00| 0
007 ta
008 220917b |||||||| |||| 00| 0 eng d
020 _a8186318100
024 _a24,130
037 _cTextual
040 _aARTS
_cARTS
_beng
041 _2eng
_aeng
082 _aO11191N48, N5
100 _aDas Bijay Kumar
_925410
245 0 _aAspects of commonwealth literature
260 _aNew Delhi
_bCreative Books India
_c1995
300 _a156p.
_ccm.
650 _aENGLISH LITERATURE
942 _hO11191N48, N5
_cTEXL
_2CC
999 _c132160
_d132160